000 00495cam a2200169 a 4500
003 OSt
005 20160510093313.0
008 941021s1994 vtu 000 0 eng
020 _a0823304973
040 _aSEKU
050 0 0 _aPS 3552.A34
_b.B3
100 1 _aBagley, James R.
245 1 0 _aI am no river like yesterday :
_bselected poems, 1974-1994 /
_cby James R. Bagley.
260 _aManchester Center, Vt. :
_bGolden Quill Press,
_c1994.
300 _avii, 69 p. ;
_c20 cm.
942 _2lcc
_cGEN
999 _c13518
_d13518